|
|
|
|
| LEADER |
00000nam0a2200000 4500 |
| 001 |
186677 |
| 005 |
20231101224013.0 |
| 010 |
|
|
|a 9785406013052
|
| 035 |
|
|
|a (RuTPU)RU\TPU\book\202536
|
| 035 |
|
|
|a RU\TPU\book\112104
|
| 035 |
|
|
|a RU\TPU\book\163123
|
| 090 |
|
|
|a 186677
|
| 100 |
|
|
|a 20061025d2011 m y0rusy50 ca
|
| 101 |
0 |
|
|a rus
|
| 102 |
|
|
|a RU
|
| 105 |
|
|
|a y j 001zy
|
| 200 |
1 |
|
|a Основы аудита
|e учебное пособие для вузов
|f Г. А. Юдина, М. Н. Черных
|
| 205 |
|
|
|a 4-е изд., стер.
|
| 210 |
|
|
|a Москва
|c КноРус
|d 2011
|
| 215 |
|
|
|a 352 с.
|
| 320 |
|
|
|a Библиогр.: с. 260-269.
|
| 320 |
|
|
|a Глоссарий: с. 224-259.
|
| 330 |
|
|
|a Разработано в соответствии с Государственным образовательным стандартом высшего профессионального образования. Рассмотрены теоретические основы аудита, аудиторские стандарты, организация аудита, процесс аудита финансовой отчетности. Для студентов высших учебных заведений, изучающих дисциплины «Основы аудита», «Аудит», слушателей программы подготовки к квалификационному экзамену на получение аттестата аудитора, профессионального бухгалтера, а также для всех, кто интересуется вопросами аудита.
|
| 451 |
|
1 |
|0 (RuTPU)RU\TPU\book\163123
|y 978-5-390-00408-1
|t Основы аудита
|o учебное пособие для вузов
|f Г. А. Юдина, М. Н. Черных
|e 3-е изд., перераб. и доп.
|c М.
|n КноРус
|d 2009
|p 352 с.
|a Юдина, Галина Александровна
|
| 606 |
1 |
|
|a Аудит
|2 stltpush
|3 (RuTPU)RU\TPU\subj\29811
|9 53071
|
| 610 |
1 |
|
|a бухгалтерский учет
|
| 610 |
1 |
|
|a бухгалтерская отчетность
|
| 610 |
1 |
|
|a правовые основы
|
| 610 |
1 |
|
|a аудиторские стандарты
|
| 610 |
1 |
|
|a профессиональная этика
|
| 610 |
1 |
|
|a аудиторские риски
|
| 610 |
1 |
|
|a внутренний контроль
|
| 610 |
1 |
|
|a аудиторская оценка
|
| 610 |
1 |
|
|a аудиторские проверки
|
| 610 |
1 |
|
|a документирование
|
| 610 |
1 |
|
|a методика
|
| 610 |
1 |
|
|a аудиторское заключение
|
| 610 |
1 |
|
|a тесты
|
| 610 |
1 |
|
|a учебные пособия
|
| 675 |
|
|
|a 657.6(075.8)
|v 3
|
| 700 |
|
1 |
|a Юдина
|b Г. А.
|g Галина Александровна
|
| 701 |
|
1 |
|a Черных
|b М. Н.
|g Марина Николаевна
|
| 801 |
|
1 |
|a RU
|b 63413507
|c 20101101
|
| 801 |
|
2 |
|a RU
|b 63413507
|c 20230403
|g RCR
|
| 900 |
|
|
|a Аудит
|
| 900 |
|
|
|a Контроллинг и аудит деятельности предприятия
|
| 942 |
|
|
|c BK
|
| 951 |
|
|
|b 080109
|b 080105
|b 080102
|b 080107
|
| 959 |
|
|
|a 72/20101012
|d 2
|e 200,00
|f АНЛ:1
|f ЧЗГЛ:1
|